书目信息 |
| 题名: |
仁慈的吸引力
|
|
| 作者: | 费鲁奇 著 ;席玉苹 译 | |
| 分册: | ||
| 出版信息: | 北京 华文出版社 2009.08 |
|
| 页数: | 249页 | |
| 开本: | 23cm | |
| 丛书名: | ||
| 单 册: | ||
| 中图分类: | B825 | |
| 科图分类: | ||
| 主题词: | 个人--修养--通俗读物 | |
| 电子资源: | ||
| ISBN: | 978-7-5075-2746-9 | |
| 000 | 00977nam0 2200253 450 | |
| 001 | 012009617208 | |
| 005 | 20100619105505.20 | |
| 010 | @a978-7-5075-2746-9@dCNY28.00 | |
| 100 | @a20100515d2009 em y0chiy0110 ea | |
| 101 | 1 | @achi@ita |
| 102 | @aCN@b110000 | |
| 105 | @ay z 000yy | |
| 200 | 1 | @a仁慈的吸引力@d= Survival of the kindest@f(意) 皮耶罗·费鲁奇著@F(yi)pi ye luo·fei lu qi zhu@g席玉苹译@zita |
| 210 | @a北京@c华文出版社@d2009.08 | |
| 215 | @a249页@d23cm | |
| 300 | @a心灵书坊 | |
| 330 | @a科学研究证实,仁慈的人比较健康长寿,比较受人欢迎,生产力较高,事业较为成功,也比较快乐。本书内容包括:“诚实”;“温暖”;“宽容”;“信任”;“专心”;“谦逊”等18章,提供了一种至为精简而又根本的见证奇迹人生的方法。 | |
| 500 | 10 | @aSurvival of the kindest@mChinese |
| 606 | 0 | @a个人@x修养@j通俗读物 |
| 690 | @aB825@v4 | |
| 701 | 1 | @a费鲁奇@Afei lu qi@g(Ferrucci, Piero)@4著 |
| 702 | 0 | @a席玉苹@Axi yu ping@4译 |
| 801 | 0 | @aCN@c20100515 |
| 905 | @dB825@eF350@f3 | |
| 仁慈的吸引力= Survival of the kindest/(意) 皮耶罗·费鲁奇著/席玉苹译.-北京:华文出版社,2009.08 |
| 249页;23cm |
| 心灵书坊 |
| ISBN 978-7-5075-2746-9:CNY28.00 |
| 科学研究证实,仁慈的人比较健康长寿,比较受人欢迎,生产力较高,事业较为成功,也比较快乐。本书内容包括:“诚实”;“温暖”;“宽容”;“信任”;“专心”;“谦逊”等18章,提供了一种至为精简而又根本的见证奇迹人生的方法。 |
| ● |
| 相关链接 |
|
|
|
正题名:仁慈的吸引力
索取号:B825/F350
 
预约/预借
| 序号 | 登录号 | 条形码 | 馆藏地/架位号 | 状态 | 备注 |